000 00603nam a2200193Ia 4500
005 20250507130444.0
008 008 250505s9999 xx 000 0 kor d
037 _aDVD
040 _aEASL
_beng
_cEASL
041 _akor
_2eng
084 _qEASL
100 _aNational Centre for Korean Traditional Performing Arts
_9664459
245 0 _aThoyosangseol gukakkongyon uri umak uri chum: Saturday regular performace of Korean music and dance
260 _aSouth Korea
_bSeoul NCKTPA
_c2006
300 _a CD
650 _aDance-Music-Spritual
_9664460
942 _cDVD
999 _c1320278
_d1320278